000 00235nam a22001097a 4500
041 _aENG
245 _aManagement A Global Perspective
260 _aDelhi
_bMcGraw -Hill
_c2004
300 _a744
650 _aM.Tech
856 _uM.Tech -(7)
999 _c999
_d999